Zlá krev /

Hlavní autor: Sandford, John, 1944 únor 23.-
Další autoři: Zetka, Radim
Jazyk: Čeština
Vydáno: Praha : BB/art, 2017
Vydání: Druhé vydání v českém jazyce, první brožované
Témata:
Externí odkaz: Digitalizovaný dokument
Fyzický popis: 290 stran ; 20 cm
Knihy
Uloženo v:
LEADER 01549nam a2200433 i 4500
001 nkc20172887108
003 CZ PrNK
005 20170623101023.0
007 ta
008 170322s2017 xr g 000 f cze
015 |a cnb002887108 
020 |a 978-80-7507-684-7  |q (brožováno) 
035 |a (OCoLC)993655848 
040 |a BOA001  |b cze  |d ABA001  |e rda 
041 1 |a cze  |h eng 
072 7 |a 821.111(73)-3  |x Americká próza  |2 Konspekt  |9 25 
080 |a 821.111(73)-31  |2 MRF 
080 |a (0:82-312.4)  |2 MRF 
100 1 |a Sandford, John,  |d 1944 únor 23.-  |7 jo20010092705  |4 aut 
240 1 0 |a Bad blood.  |l Česky  |7 aun2017955877 
245 1 0 |a Zlá krev /  |c John Sandford ; přeložil Radim Zetka 
250 |a Druhé vydání v českém jazyce, první brožované 
264 1 |a Praha :  |b BB/art,  |c 2017 
300 |a 290 stran ;  |c 20 cm 
336 |a text  |b txt  |2 rdacontent 
337 |a bez média  |b n  |2 rdamedia 
338 |a svazek  |b nc  |2 rdacarrier 
500 |a Přeloženo z angličtiny 
655 7 |a americké romány  |7 fd131796  |2 czenas 
655 7 |a detektivní romány  |7 fd132010  |2 czenas 
655 9 |a American fiction  |2 eczenas 
655 9 |a detective novels  |2 eczenas 
700 1 |a Zetka, Radim  |7 xx0092649  |4 trl 
856 4 1 |u http://www.digitalniknihovna.cz/mzk/uuid/uuid:2e52e7d0-cc96-11ee-87eb-5ef3fc9bb22f  |y Digitalizovaný dokument  |x NDK 
910 2 |a BOA001  |b 1-1387.627 
990 |a BK 
995 |a 01 
991 |b 201705  |c NOV 
996 6 |b 2610706881  |c 1-1387.627  |l MZK  |r Sklad / do 1 hodiny  |n 2  |p p.v.  |w 001611847  |u 000010  |a 1  |e BOA001  |j MZK50  |s P